<?xml version="1.0" encoding="UTF-8"?>
<record
    xmlns:xsi="http://www.w3.org/2001/XMLSchema-instance"
    xsi:schemaLocation="http://www.loc.gov/MARC21/slim http://www.loc.gov/standards/marcxml/schema/MARC21slim.xsd"
    xmlns="http://www.loc.gov/MARC21/slim">

  <leader>02694nam a2200325 i 4500</leader>
  <controlfield tag="001">000000449982</controlfield>
  <controlfield tag="003">IT-MiSPE</controlfield>
  <controlfield tag="005">20250222185336.0</controlfield>
  <controlfield tag="008">211125s2021    it            000 0 ita d</controlfield>
  <datafield tag="020" ind1=" " ind2=" ">
    <subfield code="a">9788839911391</subfield>
    <subfield code="c">30.00 EUR</subfield>
  </datafield>
  <datafield tag="040" ind1=" " ind2=" ">
    <subfield code="a">IT-MiSPE</subfield>
    <subfield code="b">ita</subfield>
    <subfield code="c">IT-MiSPE</subfield>
  </datafield>
  <datafield tag="041" ind1=" " ind2=" ">
    <subfield code="a">ita</subfield>
    <subfield code="h">fre</subfield>
  </datafield>
  <datafield tag="082" ind1=" " ind2=" ">
    <subfield code="a">222.13-Lv* VOG wa (ppv 23344)</subfield>
  </datafield>
  <datafield tag="100" ind1="1" ind2=" ">
    <subfield code="a">Vogels, Walter,</subfield>
    <subfield code="d">1932-</subfield>
    <subfield code="e">autore.</subfield>
    <subfield code="9">60860</subfield>
  </datafield>
  <datafield tag="240" ind1="1" ind2="0">
    <subfield code="a">C&#xE9;l&#xE9;bration et saintet&#xE9;: le L&#xE9;vitique.</subfield>
    <subfield code="l">fre</subfield>
  </datafield>
  <datafield tag="245" ind1="1" ind2="0">
    <subfield code="a">Levitico: celebrazione e santit&#xE0; /</subfield>
    <subfield code="c">Walter Vogels.</subfield>
  </datafield>
  <datafield tag="264" ind1=" " ind2="4">
    <subfield code="c">&#xA9;2021.</subfield>
  </datafield>
  <datafield tag="264" ind1=" " ind2="1">
    <subfield code="a">Brescia :</subfield>
    <subfield code="b">Queriniana,</subfield>
    <subfield code="c">[2021]</subfield>
  </datafield>
  <datafield tag="300" ind1=" " ind2=" ">
    <subfield code="a">235 p. ;</subfield>
    <subfield code="c">23 cm</subfield>
  </datafield>
  <datafield tag="490" ind1="1" ind2=" ">
    <subfield code="a">Commentari biblici</subfield>
  </datafield>
  <datafield tag="500" ind1=" " ind2=" ">
    <subfield code="a">Titolo originale: C&#xE9;l&#xE9;bration et saintet&#xE9;: le L&#xE9;vitique</subfield>
  </datafield>
  <datafield tag="504" ind1=" " ind2=" ">
    <subfield code="a">Bibliografia: pagina [231]</subfield>
  </datafield>
  <datafield tag="520" ind1=" " ind2=" ">
    <subfield code="a">Il libro del Levitico &#xE8; dedicato al culto comunitario di Israele. Perch&#xE9;, prima ancora di essere un&#x2019;etica, la religione &#xE8; una celebrazione.
Si tratta di un libro misterioso, poco letto, a prima vista difficile, in cui Mos&#xE8; dopo aver appreso le leggi di Dio codifica nei minimi dettagli riti, sacrifici, parole e gesti di supplica o di offerta.
Pi&#xF9; che un semplice repertorio di norme da osservare (che sembrano elencate apposta per sconcertare e urtare il lettore del XXI secolo, pi&#xF9; che edificarlo), il Levitico offre tuttavia una profonda riflessione teologica sulla liturgia. La manifestazione ieratica del divino davanti al popolo di Dio riunito in assemblea &#xE8; brillantemente analizzata in questo commentario di Vogels. L&#x2019;esegeta guida il lettore attraverso le sottigliezze di un libro che &#xE8; parte indivisibile dalla Torah &#x2013; anzi, il suo libro centrale, quello in cui troviamo l&#x2019;affermazione: &#xAB;Ama il prossimo tuo come te stesso&#xBB; (Lv 19,18).
Dietro tutte le complessit&#xE0;, le precauzioni, gli avvertimenti, che sono deliberatamente presentati in maniera ridondante al fine di raddoppiarne la solennit&#xE0;, nel Levitico viene annunciata la rivelazione che divamper&#xE0; nel vangelo: Dio si lascia avvicinare dall&#x2019;uomo, fino a farsi toccare.

Una rilettura potente di alcune pagine fondamentali dell&#x2019;Antico Testamento, pagine nelle quali Dio incontra coloro che egli ha scelto e che l&#x2019;hanno scelto.</subfield>
  </datafield>
  <datafield tag="630" ind1="0" ind2="4">
    <subfield code="a">Biblia.</subfield>
    <subfield code="p">V.T.</subfield>
    <subfield code="p">Leviticus</subfield>
    <subfield code="x">Commenti italiano.</subfield>
    <subfield code="9">60861</subfield>
  </datafield>
  <datafield tag="630" ind1="0" ind2="4">
    <subfield code="a">Biblia.</subfield>
    <subfield code="p">V.T.</subfield>
    <subfield code="p">Leviticus</subfield>
    <subfield code="x">Critica e interpretazione italiano.</subfield>
    <subfield code="9">60862</subfield>
  </datafield>
  <datafield tag="655" ind1=" " ind2="7">
    <subfield code="a">Sacra Scrittura. Studi sul Vecchio Testamento</subfield>
    <subfield code="x">Pentateuco - Libri storici.</subfield>
    <subfield code="2">local</subfield>
    <subfield code="9">56802</subfield>
  </datafield>
  <datafield tag="765" ind1="0" ind2=" ">
    <subfield code="a">Vogels, Walter 1932-</subfield>
    <subfield code="t">C&#xE9;l&#xE9;bration et saintet&#xE9;: le L&#xE9;vitique.</subfield>
    <subfield code="d">Paris : Cerf, &#xA9;2015.</subfield>
    <subfield code="k">Lectio divina</subfield>
    <subfield code="z">978-2-204-10349-7</subfield>
    <subfield code="w">()416693</subfield>
  </datafield>
  <datafield tag="830" ind1=" " ind2="0">
    <subfield code="a">Commentari biblici.</subfield>
    <subfield code="9">56735</subfield>
  </datafield>
  <datafield tag="942" ind1=" " ind2=" ">
    <subfield code="2">ddc</subfield>
    <subfield code="c">BK</subfield>
  </datafield>
  <datafield tag="999" ind1=" " ind2=" ">
    <subfield code="c">360169</subfield>
    <subfield code="d">360169</subfield>
  </datafield>
  <datafield tag="952" ind1=" " ind2=" ">
    <subfield code="0">0</subfield>
    <subfield code="1">0</subfield>
    <subfield code="2">ddc</subfield>
    <subfield code="4">0</subfield>
    <subfield code="6">222_000000000000000_13LV_VOG_WA_PPV_23344</subfield>
    <subfield code="7">1</subfield>
    <subfield code="a">CINISELLO</subfield>
    <subfield code="b">CINISELLO</subfield>
    <subfield code="d">2024-06-29</subfield>
    <subfield code="l">0</subfield>
    <subfield code="o">222.13-Lv* VOG wa (ppv 23344)</subfield>
    <subfield code="p">9788839911391</subfield>
    <subfield code="r">2024-06-29 10:12:08</subfield>
    <subfield code="w">2024-06-29</subfield>
    <subfield code="y">BK</subfield>
  </datafield>
</record>
